| 000 | 01131nam a22001457a 4500 | ||
|---|---|---|---|
| 999 |
_c518031 _d518031 |
||
| 008 | 210810b ||||| |||| 00| 0 eng d | ||
| 100 |
_aCavallo, Alberto _928420 |
||
| 245 | _aTariff pass-through at the border and at the store: Evidence from us trade policy | ||
| 260 | _aThe American Economic Review: Insights | ||
| 300 | _a3(1), Mar, 2021: p.19-34 | ||
| 520 | _aWe use microdata collected at the border and the store to characterize the price impact of recent US trade policy on importers, exporters, and consumers. At the border, import tariff pass-through is much higher than exchange rate pass-through. Chinese exporters did not lower their dollar prices by much, despite the recent appreciation of the dollar. By contrast, US exporters significantly lowered prices affected by foreign retaliatory tariffs. In US stores, the price impact is more limited, suggesting that retail margins have fallen. Our results imply that, so far, the tariffs' incidence has fallen in large part on US firms. – Reproduced | ||
| 773 | _aThe American Economic Review: Insights | ||
| 906 | _aTRADE POLICY - UNITED STATES | ||
| 942 | _cAR | ||